Municipalities of Luxembourg on the French border - Statistics

General Stats
  • This quiz has been taken 5 times
  • The average score is 9 of 11
Answer Stats
Answer % Correct
Differdange
100%
Dudelange
100%
Esch-sur-Alzette
100%
Mondorf-les-Bains
100%
Pétange
100%
Frisange
80%
Kayl
80%
Rumelange
80%
Sanem
80%
Schengen
60%
Roeser
40%
No matching quizzes found
Score Distribution
Percent of People with Each Score
Percentile by Number Answered
Your Score History
You have not taken this quiz